Statistics for Capital Cities With A "PORT"

Click here to take the quiz!

General Stats

  • This quiz has been taken 43 times
  • The average score is 4 of 6

Answer Stats

Answer% Correct
Port-Au-Prince Capital of Haiti
80%
Port of Spain Capital of Trinidad
80%
Port Moresby Capital of Papua New Guinea
73%
Port Louis Capital of Mauritius
60%
Porto-Novo Capital of Benin
53%
Port Vila Capital of Vanuatu
53%

Score Distribution

Percentile by Number Answered

Percent of People with Each Score

Your Score History

You have not taken this quiz